000 00517nam a2200169 i 4500
001 72991
003 ES-MaACL
007 t|
008 040906s1982 sp ||||1| spa d
100 1 _aGómez Arboleya, Enrique
_957820
245 1 0 _aEstudios de teoría de la sociedad y el Estado /
_cEnrique Gómez Arboleya.
250 _a2ª ed.
260 _aMadrid :
_bCentro de Estudios Constitucionales,
_c1982.
300 _a705 p. ;
_c21 cm.
852 _aES-MaACL
_jL-4291
_bR.104047
999 _c72991
_d72991